Transakční náklady veřejných výdajových programů
Vymedzenie pozície transakčných nákladov verejných výdavkových programov v metodickom rámci 3E a zhrnutie doterajších výsledkov merania v Českej republike.
Na minha lista:
| Autor principal: | |
|---|---|
| Formato: | Capítulo de Livro |
| Idioma: | tcheco |
| Assuntos: | |
| Tags: |
Sem tags, seja o primeiro a adicionar uma tag!
|
MARC
| LEADER | 00000naa a2200000 4500 | ||
|---|---|---|---|
| 001 | 0188930 | ||
| 005 | 20231208073614.4 | ||
| 041 | 0 | |a cze | |
| 044 | |a SK | ||
| 245 | 1 | 0 | |a Transakční náklady veřejných výdajových programů |c Jan Pavel |
| 520 | |a Vymedzenie pozície transakčných nákladov verejných výdavkových programov v metodickom rámci 3E a zhrnutie doterajších výsledkov merania v Českej republike. | ||
| 610 | 2 | 0 | |a Česko |
| 610 | 2 | 0 | |a sektor verejný |
| 610 | 2 | 0 | |a efektívnosť ekonomická |
| 610 | 2 | 0 | |a náklady transakčné |
| 100 | 1 | |a Pavel, Jan | |